| 000 | 00463nam a22001697a 4500 | ||
|---|---|---|---|
| 003 | OSt | ||
| 005 | 20260212011513.0 | ||
| 008 | 260212b |||||||| |||| 00| 0 eng d | ||
| 020 | _a978-1-4231-0148-2 | ||
| 040 |
_aDWCL-Main Lib _cOC |
||
| 082 | _aFic. R585 2007 | ||
| 100 | _aRiordan, Rick | ||
| 245 | _aThe Titans curse | ||
| 260 |
_aNew York : _bHyperion Paperbacks for Children, _c c2000. |
||
| 300 |
_a312 p. ; _c19 cm. |
||
| 942 |
_2ddc _cFIC. _e1st ed. _mFic. _n0 |
||
| 999 |
_c8353 _d8353 |
||